000 00602nam a2200217Ia 4500
003 OSt
005 20220924132956.0
006 a|||||r|||| 00| 0
007 ta
008 220923b |||||||| |||| 00| 0 urd d
024 _a254799
037 _cTextual
040 _aARTS
_cARTS
_burd
041 _2urd
_aurd
082 _aO168,1:gv.19L, P5
100 _aUloovi Tanvir Ahmad
_9205423
245 0 _aBarah masa ki rawayat
_b Sumali hind ki boliyon aur bhashayon me
260 _c2005
942 _hO168,1:gv.19L, P5
_cTEXL
_2CC
999 _c432210
_d432210